Elvek, eszmények, paradigmák a magyar rajztanításban a kezdetektől a hetvenes évekig

Elmentve itt :
Bibliográfiai részletek
Szerző: Kárpáti Andrea
Dokumentumtípus: Cikk
Megjelent: 1993
Sorozat:Magyar pedagógia : a Magyar Tudományos Akadémia Pedagógiai Bizottságának folyóirata 93 No. 1-2
Kulcsszavak:Pedagógia rajz tanítása Magyarország 20. sz.
Online Access:http://misc.bibl.u-szeged.hu/13651
LEADER 00751nab a2200181 i 4500
001 misc13651
005 20191106141233.0
008 170607s1993 hu o 0|| hun d
022 |a 0025-0260 
040 |a SZTE Miscellanea Repozitórium  |b hun 
041 |a hun 
100 1 |a Kárpáti Andrea 
245 1 0 |a Elvek, eszmények, paradigmák a magyar rajztanításban a kezdetektől a hetvenes évekig  |h [elektronikus dokumentum] /  |c  Kárpáti Andrea 
260 |c 1993 
300 |a 19-35 
490 0 |a Magyar pedagógia : a Magyar Tudományos Akadémia Pedagógiai Bizottságának folyóirata  |v 93 No. 1-2 
695 |a Pedagógia rajz tanítása Magyarország 20. sz. 
856 4 0 |u http://misc.bibl.u-szeged.hu/13651/1/mp_1993_001_002_6043_019-035.pdf  |z Dokumentum-elérés